| 000 | 03136nam a22002297a 4500 | ||
|---|---|---|---|
| 008 | 251111b |||||||| |||| 00| 0 eng d | ||
| 020 | _a9782889730476 | ||
| 040 | _ctbs | ||
| 041 | _afre | ||
| 100 |
_aDicker, Joël _d1985- _926472 _eauthor |
||
| 245 |
_aWild animal : _c/ Joël Dicker |
||
| 260 |
_aQuébec : _bRosie & Wolfe _c2024. |
||
| 300 |
_a397 pages ; _c23 cm. |
||
| 520 | _aLe 2 juillet 2022, deux criminels se préparent à cambrioler une bijouterie à Genève. Mais même avec un plan infaillible, leur « casse parfait » sera loin de se dérouler sans encombre… Vingt jours plus tôt, dans une luxueuse propriété au bord du lac Léman, Sophie Braun s’apprête à fêter ses quarante ans. Sa vie semble parfaite : un mariage de conte de fées, deux enfants modèles, une maison moderne nichée au cœur d’une forêt verdoyante. Mais son monde idyllique est sur le point de s’effondrer. Son mari se laisse entraîner dans de petites magouilles. Son voisin, un policier à la réputation irréprochable, est obsédé par elle et épie les moments les plus intimes de sa vie. Puis, le jour de son anniversaire, elle reçoit un cadeau d’un mystérieux rôdeur qui met sa vie en danger. Il faudra remonter loin dans le passé, bien au-delà de Genève, pour comprendre les origines de ce complot diabolique dont personne ne sortira indemne — pas même le lecteur. Rythmé à un tempo haletant et traversé d’un suspense saisissant, Un animal sauvage confirme une fois encore pourquoi Joël Dicker — depuis La Vérité sur l’affaire Harry Quebert — règne en maître parmi les auteurs de romans policiers contemporains les plus aimés au monde. | ||
| 520 | _aOn July 2, 2022, two criminals set out to rob a jewelry shop in Geneva. But even with a foolproof plan, their "perfect" heist will prove far from uneventful ... Twenty days earlier, on a luxurious estate along the shores of Lake Geneva, Sophie Braun prepares to celebrate her fortieth birthday. Her life seems perfect: she has a fairytale marriage, two perfect children, and lives in a stylish modern mansion surrounded by lush forest. But her idyllic world is about to crumble. Her husband is becoming embroiled in petty schemes. Her neighbor, a policeman with a spotless reputation, is obsessed with her and spies on the most intimate moments of her life. Then, on her birthday, she receives a gift from a mysterious prowler that endangers her life. It will take many journeys into the past, far from Geneva, to unravel the origins of this diabolical plot from which no one will emerge unscathed, including readers. Told at a breathtaking pace, filled with nerve-jangling suspense, Wild Animal demonstrates once again why Joël Dicker -- since the publication of The Truth About the Harry Quebert Case -- reigns supreme as one of the most beloved contemporary mystery writers in the world today. | ||
| 650 | 0 |
_aCriminals _vFiction _924264 |
|
| 650 | 0 |
_aMiddle-aged women _vFiction _924069 |
|
| 650 | 0 |
_aSecrecy _vFiction _925722 |
|
| 651 | 0 |
_aGeneva (Switzerland) _vFiction _926473 |
|
| 655 | 0 |
_aThrillers (Fiction) _922669 |
|
| 942 | _2lcc | ||
| 999 |
_c5169 _d5169 |
||